000 00660nam a2200241 i 4500
001 44210
003 ES-MaACL
005 20230906160958.0
007 t|
008 030320s1983 sp ||||1| spa d
020 _a84-85887-28-X
100 1 _aCirlot, Lourdes.
_938899
245 1 3 _aLa pintura informal en Cataluña, 1951-1970 /
_cLourdes Cirlot.
250 _a1ª ed.
260 _aBarcelona :
_bAnthropos,
_c1983.
300 _a377 p. ;
_c19 cm.
490 1 _aPalabra plastica ;
_v3
500 _aIndice.
504 _aBibliografía.
830 0 _aPalabra plastica ;
_v3
_9177413
852 _aES-MaACL
_jL-10715
_bR.110861
999 _c44210
_d44210